000 01127nam a22003137a 4500
001 BR7503861
003 BR-BrBNA
005 20230928084832.0
007 ta
008 230509b bl.||||| |||| 00| 0 por d
040 _aBR-BrBNA
_bpor
_cBiblioteca Nacional de Agricultura
041 _a(Por)
072 _aA50
_b/G514
090 _ A50 BR7503861
100 1 _aCamelatto, D.
100 1 _aBiasi, J.
100 1 _aPetri, J.L.
110 1 _aEmpresa Brasileira de Pesquisa Agropecuaria, Cacador, SC (Brasil). Representacao Estadual de Santa Catarina
_93882
245 1 _aAnteprojeto de reorganizacao da Estacao Experimental de Cacador para atuar como Unidade de Execucao de Pesquisa de Ambito Estadual da EMBRAPA [Santa Catarina, Brasil]
260 3 _aCacador, SC (Brasil):
_c1975.
300 _a85 p.
500 _a15 tables. (*) Documento disponível na(o) Empresa Catarinense de Pesquisa Agropecuaria, Florianopolis, SC (Brazil)
650 _aINSTITUICAO DE PESQUISA
650 _aPESQUISA AGRICOLA
650 _aCACADOR
650 _aSANTA CATARINA
909 _a202309
_bLucia
_c55
_dLucia Elande
942 _cBK
999 _c21372
_d21372